L'Organització d'àmbit territorial inferior al municipi a Catalunya
ISBN:
9788498036640
Publicado:
Barcelona :
Diputació de Barcelona. Àrea de Presidència. Direcció de Serveis de Suport a la Coordinació General. Servei de Planificació i Avaluació ,
2014
Descripción Física:
173 p. ; 24 cm
Colección:
Estudis. Sèrie Govern Local ; 23
MARC
| LEADER | 00000nam a2200000Ia 4500 | ||
|---|---|---|---|
| 001 | 23729 | ||
| 003 | BGR | ||
| 005 | 20260324180618.0 | ||
| 008 | 160829s2014 xx 000 0 cat d | ||
| 020 | |a 9788498036640 | ||
| 080 | |a Bib-24 | ||
| 100 | |a Galindo Caldés, Ramon |9 50116 | ||
| 245 | |a L'Organització d'àmbit territorial inferior al municipi a Catalunya | ||
| 260 | |a Barcelona : |b Diputació de Barcelona. Àrea de Presidència. Direcció de Serveis de Suport a la Coordinació General. Servei de Planificació i Avaluació, |c 2014 | ||
| 300 | |a 173 p. ; |c 24 cm | ||
| 490 | |a Estudis. Sèrie Govern Local ; 23 | ||
| 650 | |a Entitats municipals descentralitzades |x Catalunya |9 50117 | ||
| 650 | 0 | |a Descentralització administrativa |z Catalunya |9 6480 | |
| 650 | 0 | |a Municipis |z Catalunya |9 10549 | |
| 710 | 1 | |a Barcelona (Catalunya : Província). |b Diputació |b Servei de Planificació i Avaluació |9 52408 | |
| 901 | |a Arxiu | ||
| 942 | |n 1 |2 udc |c MON | ||
| 952 | |0 0 |1 0 |4 0 |6 BIB24 |7 1 |9 55793 |a Arxiu |b Arxiu |d 2016-12-01 |l 0 |o Bib-24 |p 23729 |r 2016-12-01 00:00:00 |w 2016-12-01 |y ARXIU | ||
| 999 | |c 59666 |d 59666 | ||